Sclerotiniaceae VII. on Phialea microspora and Helotium atrosubiculatum (Registro nro. 11783)

Detalles MARC
000 -CABECERA
Campo de control 005370000a22001810004500
090 ## - CLASIFICACIÓN LOCAL
Colección AR
Consecutivo 02722
041 0# - IDIOMA
Código de idioma para texto/pista de sonido o título separado
100 1# - ASIENTO PRINCIPAL--NOMBRE PERSONAL
Nombre personal Dumont, Kent P.
245 10 - MENCION DE TITULO
Título Sclerotiniaceae VII. on Phialea microspora and Helotium atrosubiculatum
650 14 - ASIENTO SECUNDARIO DE MATERIA - TERMINO TEMATICO
Término temático o nombre geográfico como elemento de entrada Hongos
650 14 - ASIENTO SECUNDARIO DE MATERIA - TERMINO TEMATICO
Término temático o nombre geográfico como elemento de entrada Micología
650 14 - ASIENTO SECUNDARIO DE MATERIA - TERMINO TEMATICO
Término temático o nombre geográfico como elemento de entrada Taxonmía
651 #4 - ASIENTO SECUNDARIO DE MATERIA - NOMBRE GEOGRAFICO
-- Puerto Rico
653 ## - TERMINO DE INDIZACION - NO CONTROLADO
-- Phialea
-- Phialea microspora
653 ## - TERMINO DE INDIZACION - NO CONTROLADO
-- Helotium
-- Helotium atrosubiculatum
773 1# - Item fuente:
Título Mycologia
Especificación de materiales 678
Descripción física 6
Paginas del Articulo 1039-1041
Lugar, editorial y fecha de publicación 1974
Información sobre la relación 66
942 ## - ELEMENTOS ADICIONALES (KOHA)
Tipo de ítem Artículo
Existencias
Withdrawn status Lost status Damaged status No para préstamo Colección Ubicación Permanente Ubicación actual Fecha de adquisición Fuente de Valor Datos de publicación Seriada Total Checkouts Número topográfico Inventario / Código de Barras Date last seen Ejemplar Price effective from Forma de adquisición Tipo de material
      No para Préstamo Hemeroteca Bogotá Bogotá 27/02/2015 Matallana, Clara Fuera de circulación   AR 02722 013133 25/03/2015 1 25/03/2015   Artículo